000 01469cam a22003857a 4500
003 CHAP
005 20220329142122.0
008 990816d1999 mx r 00110 spa d
010 _a78727
011 _a79699
035 _a90092
040 _cCHAP
090 _aTesis
100 0 0 _aCervantes Morales, Clotilde.
_921593
245 1 0 _aFactores que determinan las economías de escala en la producción de cebada maltera de temporal en Apan, Hidalgo
_c/por Clotilde Cervantes Morales
260 _aChapingo, Méx. :
_bEl autor,
_c1999.
300 _a55 h. :
_banexos
502 _aTesis (M.C. en Economía del Desarrollo Rural) -- UACH. División de Ciencias Económico Administrativas
590 _aALEPH
_b10
_c20130110
_lUCH01
_h1430
590 _aBATCH-UPD
_b10
_c20130110
_lUCH01
_h0225
590 _aBATCH-UPD
_b10
_c20130110
_lUCH01
_h0920
590 _aBATCH-UPD
_b10
_c20130409
_lUCH01
_h2247
590 _aBATCH-UPD
_b10
_c20130913
_lUCH01
_h2154
590 _aCONVERSION
_b10
_c20130109
_lUCH01
_h1344
650 1 4 _aAgricultura de temporal.
_91999
650 1 4 _aCebada maltera
_xCostos de producción.
_920724
650 1 4 _aCebada maltera
_xHidalgo.
_920727
650 1 4 _aCebada maltera
_xRendimiento.
_920729
901 _aBK
905 _aLilia Sánchez G.
942 _cFOLL
949 _bBC
_cTES
_d33724000716023
_eTS2
_fc.2
_h34252
_i90092
_si
949 _bBC
_cTES
_d33724000760336
_eTS2
_fc.3
_h35619
_i90092
_sb
949 _bBC
_cTES
_d900921
_eTS1
_h34251
_i90092
_sb
999 _c78727
_d78727